Torredembarra i Clarà medievals : (segles XIII i XIV) / Isabel Companys i Farrerons (segles XIII i XIV) / Isabel Companys i Farrerons
Descripción Física:
297 p. : il. ; 24 cm
MARC
| LEADER | 00000nam a2200000Ia 4500 | ||
|---|---|---|---|
| 001 | 12528 | ||
| 008 | 160829s1999 xx 000 0 cat d | ||
| 080 | |a H-1-101 | ||
| 100 | |a Companys i Farrerons, Isabel |9 31940 | ||
| 245 | |a Torredembarra i Clarà medievals : |b (segles XIII i XIV) / Isabel Companys i Farrerons | ||
| 260 | |a Torredembarra : |b Ajuntament de Torredembarra, |c 1999 | ||
| 300 | |a 297 p. : |b il. ; |c 24 cm | ||
| 650 | |a Torredembarra |x Història |x S. XIII/XIV |9 31941 | ||
| 650 | |a Clarà |x Història |x S. XIII/XIV |9 31942 | ||
| 710 | 1 | |a Torredembarra (Catalunya). |b Ajuntament |9 55205 | |
| 901 | |a Arxiu | ||
| 942 | |n 1 | ||
| 952 | |0 0 |1 0 |4 0 |6 H1101 |7 1 |9 45812 |a Arxiu |b Arxiu |d 2016-12-01 |l 0 |o H-1-101 |p 12528 |r 2016-12-01 00:00:00 |w 2016-12-01 |y ARXIU | ||
| 999 | |c 49312 |d 49312 | ||